Vývoj reprodukčného správania v Českej republike a v Slovenskej republike v 20. storočí a na začiatku 21. storočia
Analýza vývoja pôrodnosti a plodnosti spolu s úmrtnosťou v dlhovom časovom aspekte. Posuny, ktorými demografická reprodukcia v oboch krajinách od vzniku Československa prešla a ž po súčasnosť.
Enregistré dans:
| Auteur principal: | |
|---|---|
| Autres auteurs: | |
| Format: | Chapitre de livre |
| Langue: | slovaque |
| Sujets: | |
| Tags: |
Pas de tags, Soyez le premier à ajouter un tag!
|
MARC
| LEADER | 00000naa a2200000 4500 | ||
|---|---|---|---|
| 001 | 0246506 | ||
| 005 | 20220728114715.5 | ||
| 041 | 0 | |a slo | |
| 044 | |a SK | ||
| 245 | 1 | 0 | |a Vývoj reprodukčného správania v Českej republike a v Slovenskej republike v 20. storočí a na začiatku 21. storočia |c Branislav Šprocha, Luděk Šídlo |
| 520 | |a Analýza vývoja pôrodnosti a plodnosti spolu s úmrtnosťou v dlhovom časovom aspekte. Posuny, ktorými demografická reprodukcia v oboch krajinách od vzniku Československa prešla a ž po súčasnosť. | ||
| 610 | 2 | 0 | |a Česko |
| 610 | 2 | 0 | |a Slovensko |
| 610 | 2 | 0 | |a štatistika demografická |
| 610 | 2 | 0 | |a vývoj populačný |
| 610 | 2 | 0 | |a pôrodnosť |
| 610 | 2 | 0 | |a úmrtnosť |
| 610 | 2 | 0 | |a porovnanie medzinárodné |
| 100 | 1 | |a Šprocha, Branislav | |
| 700 | 1 | |a Šídlo, Luděk | |